<?xml version="1.0" encoding="UTF-8"?>
<record
    xmlns:xsi="http://www.w3.org/2001/XMLSchema-instance"
    xsi:schemaLocation="http://www.loc.gov/MARC21/slim http://www.loc.gov/standards/marcxml/schema/MARC21slim.xsd"
    xmlns="http://www.loc.gov/MARC21/slim">

  <leader>00630nam a22002057a 4500</leader>
  <controlfield tag="003">0</controlfield>
  <controlfield tag="005">20241122141800.0</controlfield>
  <controlfield tag="008">241122b        xxu||||| |||| 00| 0 eng d</controlfield>
  <datafield tag="020" ind1=" " ind2=" ">
    <subfield code="a">9781975209261</subfield>
  </datafield>
  <datafield tag="050" ind1=" " ind2=" ">
    <subfield code="a">QP 41</subfield>
    <subfield code="b">.An53 2024</subfield>
  </datafield>
  <datafield tag="245" ind1=" " ind2=" ">
    <subfield code="a">Anatomy &amp; physiology made incredibly easy! /</subfield>
    <subfield code="c">clinical editor Laura M. Willis.</subfield>
  </datafield>
  <datafield tag="250" ind1=" " ind2=" ">
    <subfield code="a">6th ed.</subfield>
  </datafield>
  <datafield tag="260" ind1=" " ind2=" ">
    <subfield code="a">Philadelphia :</subfield>
    <subfield code="b">Wolters Kluwer,</subfield>
    <subfield code="c">2024.</subfield>
  </datafield>
  <datafield tag="300" ind1=" " ind2=" ">
    <subfield code="a">ix, 410 p. :</subfield>
    <subfield code="b">col. ill. ;</subfield>
    <subfield code="c">30 cm.</subfield>
  </datafield>
  <datafield tag="440" ind1=" " ind2=" ">
    <subfield code="a">Made incredibly easy</subfield>
  </datafield>
  <datafield tag="504" ind1=" " ind2=" ">
    <subfield code="a">Includes bibliographical references and index.</subfield>
  </datafield>
  <datafield tag="650" ind1=" " ind2=" ">
    <subfield code="a">Human physiology.</subfield>
  </datafield>
  <datafield tag="650" ind1=" " ind2=" ">
    <subfield code="a">Human anatomy.</subfield>
  </datafield>
  <datafield tag="942" ind1=" " ind2=" ">
    <subfield code="2">lcc</subfield>
    <subfield code="c">BK</subfield>
  </datafield>
  <datafield tag="999" ind1=" " ind2=" ">
    <subfield code="c">366803</subfield>
    <subfield code="d">366803</subfield>
  </datafield>
  <datafield tag="952" ind1=" " ind2=" ">
    <subfield code="0">0</subfield>
    <subfield code="1">0</subfield>
    <subfield code="2">lcc</subfield>
    <subfield code="4">0</subfield>
    <subfield code="a">CL</subfield>
    <subfield code="b">CL</subfield>
    <subfield code="c">RES</subfield>
    <subfield code="d">2024-11-22</subfield>
    <subfield code="e">Library Fund</subfield>
    <subfield code="k">RES</subfield>
    <subfield code="l">1</subfield>
    <subfield code="m">1</subfield>
    <subfield code="o">QP 41 .An53 2024</subfield>
    <subfield code="p">C24067</subfield>
    <subfield code="r">2025-10-01 00:00:00</subfield>
    <subfield code="s">2025-09-16</subfield>
    <subfield code="w">2024-11-22</subfield>
    <subfield code="y">BK</subfield>
  </datafield>
  <datafield tag="952" ind1=" " ind2=" ">
    <subfield code="0">0</subfield>
    <subfield code="1">0</subfield>
    <subfield code="2">lcc</subfield>
    <subfield code="4">0</subfield>
    <subfield code="a">CL</subfield>
    <subfield code="b">CL</subfield>
    <subfield code="c">RES</subfield>
    <subfield code="d">2025-06-04</subfield>
    <subfield code="e">Library Fund</subfield>
    <subfield code="l">1</subfield>
    <subfield code="m">5</subfield>
    <subfield code="o">QP 41 .An53 2024</subfield>
    <subfield code="p">C24617</subfield>
    <subfield code="r">2025-11-17 00:00:00</subfield>
    <subfield code="s">2025-09-15</subfield>
    <subfield code="w">2025-08-11</subfield>
    <subfield code="y">BK</subfield>
  </datafield>
</record>
